[Event "FRA T I 120102011"]
[Site "FRA"]
[Date "2010.11.13"]
[Round "2.3"]
[White "Inkiov, Ventzislav"]
[Black "Rabineau, Clement"]
[Result "1-0"]
[WhiteElo "2477"]
[BlackElo "2323"]
[PlyCount "70"]
[EventDate "2010.10.17"]
[EventType "team-match"]
[EventRounds "9"]
[EventCountry "FRA"]
[Source "FFE"]
[SourceDate "2010.10.29"]
[WhiteTeamCountry "FRA"]
[BlackTeamCountry "FRA"]

1. d4 Nf6 2. c4 e6 3. Nf3 b6 4. g3 Ba6 5. Qa4 Bb7 6. Bg2 c5 7. dxc5 Bxc5 8. Nc3
O-O 9. O-O Be7 10. Bf4 Na6 11. Rad1 Nc5 12. Qc2 Nce4 13. Ne5 Nxc3 14. Bxb7 Nxd1
15. Rxd1 Rc8 16. Bxc8 Qxc8 17. Qa4 d5 18. Qxa7 Bc5 19. Qa4 Ne4 20. Nd3 dxc4 21.
Nxc5 Qxc5 22. Be3 Qc7 23. Qb4 f5 24. f3 Nxg3 25. Qd6 Qxd6 26. Rxd6 Nh5 27. Rxb6
Rc8 28. Bd4 Nf4 29. Kf2 Nd5 30. Rxe6 Ra8 31. Rd6 Ne7 32. Rd7 Nc6 33. Rxg7+ Kf8
34. Bc3 Rxa2 35. Rxh7 Ke8 1-0

[Event "FRA T I 120102011"]
[Site "FRA"]
[Date "2010.11.13"]
[Round "2.7"]
[White "Bleuzen, Erwan"]
[Black "Cohen Solal, Leo"]
[Result "1-0"]
[WhiteElo "2040"]
[BlackElo "1779"]
[PlyCount "67"]
[EventDate "2010.10.17"]
[EventType "team-match"]
[EventRounds "9"]
[EventCountry "FRA"]
[Source "FFE"]
[SourceDate "2010.10.29"]
[WhiteTeamCountry "FRA"]
[BlackTeamCountry "FRA"]

1. d4 Nf6 2. Nf3 g6 3. g3 Bg7 4. Bg2 d6 5. O-O O-O 6. c4 Nbd7 7. Nc3 c5 8. d5
a6 9. a4 Nb6 10. Qb3 Rb8 11. e4 e6 12. Re1 Ne8 13. a5 Na8 14. e5 dxe5 15. Nxe5
Nd6 16. dxe6 Bxe6 17. Nd5 Bxd5 18. Bxd5 Re8 19. Bf4 Nc7 20. Qf3 Nxd5 21. Qxd5
g5 22. Nxf7 Nxf7 23. Rxe8+ Qxe8 24. Bxb8 Qxb8 25. Re1 Qc7 26. Re6 Bxb2 27. Rb6
Qe5 28. Qf3 Nd6 29. Qg4 Bd4 30. Kf1 Nxc4 31. Qc8+ Kg7 32. Rxb7+ Kg6 33. Qg8+
Kf6 34. Qxc4 1-0

[Event "FRA T I 120102011"]
[Site "FRA"]
[Date "2010.11.13"]
[Round "2.1"]
[White "Colin, Vincent"]
[Black "Shirazi, Kamran"]
[Result "0-1"]
[WhiteElo "2444"]
[BlackElo "2413"]
[PlyCount "65"]
[EventDate "2010.10.17"]
[EventType "team-match"]
[EventRounds "9"]
[EventCountry "FRA"]
[Source "FFE"]
[SourceDate "2010.10.29"]
[WhiteTeam "Nantes"]
[WhiteTeamCountry "FRA"]
[BlackTeamCountry "FRA"]

1. e4 c5 2. Nf3 d6 3. Bc4 Nc6 4. O-O Nf6 5. d3 a6 6. a3 e6 7. Re1 h6 8. Ba2 Be7
9. Nc3 O-O 10. h3 Re8 11. e5 dxe5 12. Nxe5 Nxe5 13. Rxe5 Bd7 14. Ne4 Bc6 15.
Nxf6+ Bxf6 16. Rxc5 Bd4 17. Rxc6 bxc6 18. c3 Bf6 19. Be3 Rb8 20. Qc2 Bg5 21. f4
Be7 22. Bc4 a5 23. Rf1 Qd7 24. a4 Bd6 25. b3 Kh8 26. Rf3 f5 27. Qf2 e5 28. fxe5
Bxe5 29. d4 Bd6 30. Bd2 Rf8 31. Qh4 Qe7 32. Qh5 Qe8 33. Rxf5 {suite illisible}
0-1

[Event "FRA T I 120102011"]
[Site "FRA"]
[Date "2010.11.13"]
[Round "2.4"]
[White "Daurelle, Herve"]
[Black "Picard, Romain"]
[Result "1/2-1/2"]
[WhiteElo "2297"]
[BlackElo "2366"]
[PlyCount "66"]
[EventDate "2010.10.17"]
[EventType "team-match"]
[EventRounds "9"]
[EventCountry "FRA"]
[Source "FFE"]
[SourceDate "2010.10.29"]
[WhiteTeamCountry "FRA"]
[BlackTeamCountry "FRA"]

1. e4 e6 2. d4 d5 3. Nc3 Nf6 4. Bg5 Be7 5. e5 Nfd7 6. Bxe7 Qxe7 7. Nb5 Nb6 8.
c3 a6 9. Na3 f6 10. exf6 Qxf6 11. Nf3 Nc6 12. Be2 Bd7 13. O-O O-O 14. Nc2 Be8
15. Qd2 Bh5 16. Rae1 Kh8 17. Ne5 Nxe5 18. dxe5 Qf7 19. f4 Bxe2 20. Rxe2 c5 21.
b3 Rad8 22. Ne1 Nc8 23. g3 Ne7 24. Nf3 h6 25. Qc1 Nf5 26. g4 Ne7 27. Nh4 Ng6
28. Ng2 d4 29. f5 d3 30. Re3 d2 31. Qd1 Ne7 32. f6 Ng6 33. Rf2 Rd5 {suite
illisible} 1/2-1/2

[Event "FRA T I 120102011"]
[Site "FRA"]
[Date "2010.11.13"]
[Round "2.6"]
[White "Marciniak, Gerard"]
[Black "Restout, Bruce"]
[Result "1-0"]
[WhiteElo "2114"]
[BlackElo "2041"]
[PlyCount "65"]
[EventDate "2010.10.17"]
[EventType "team-match"]
[EventRounds "9"]
[EventCountry "FRA"]
[Source "FFE"]
[SourceDate "2010.10.29"]
[WhiteTeamCountry "FRA"]
[BlackTeamCountry "FRA"]

1. d4 Nf6 2. c4 e6 3. Nc3 Bb4 4. Qc2 O-O 5. a3 Bxc3+ 6. Qxc3 h6 7. e3 b6 8. Bd3
Bb7 9. f3 d6 10. Ne2 Nbd7 11. O-O Qe7 12. Ng3 c5 13. b4 Rfc8 14. dxc5 bxc5 15.
b5 d5 16. Bb2 Nb6 17. a4 dxc4 18. Bxc4 Rab8 19. e4 Rd8 20. Be2 Rbc8 21. a5 Nbd7
22. Rfd1 Nf8 23. Rac1 Rxd1+ 24. Rxd1 Qc7 25. Nf1 N8d7 26. Ne3 Rd8 27. Rc1 h5
28. Nc4 Ba8 29. Bd1 Rb8 30. Ba4 Nf8 31. Ne5 Rc8 32. Nc6 N8d7 33. Ne7+ 1-0

[Event "FRA T I 120102011"]
[Site "FRA"]
[Date "2010.11.13"]
[Round "2.2"]
[White "Voisembert, Alain"]
[Black "Lejarre, Ludovic"]
[Result "0-1"]
[WhiteElo "2093"]
[BlackElo "2395"]
[PlyCount "66"]
[EventDate "2010.10.17"]
[EventType "team-match"]
[EventRounds "9"]
[EventCountry "FRA"]
[Source "FFE"]
[SourceDate "2010.10.29"]
[WhiteTeamCountry "FRA"]
[BlackTeamCountry "FRA"]

1. e4 e5 2. Bc4 Nf6 3. d3 Nc6 4. Nc3 Bb4 5. Bd2 Bxc3 6. Bxc3 d5 7. exd5 Nxd5 8.
Ne2 Bg4 9. Qd2 Qd6 10. Ng3 Nf4 11. f3 Be6 12. Ne4 Qe7 13. Bb5 Bd7 14. O-O-O
O-O-O 15. Rhe1 f6 16. Qf2 b6 17. Bd2 Ne6 18. Ba6+ Kb8 19. c3 f5 20. Ng3 Nc5 21.
Bc4 Na5 22. Be3 Ncb7 23. Bf4 Nxc4 24. dxc4 Nc5 25. Rxe5 Ba4 26. b3 Qh4 27. Be3
Rxd1+ 28. Kxd1 Nd3 29. Qc2 Nxe5 30. bxa4 Nxc4 31. Bd4 Qxh2 32. Nf1 Qd6 33. Qb3
Na5 0-1

[Event "FRA T I 120102011"]
[Site "FRA"]
[Date "2010.11.13"]
[Round "2.8"]
[White "Fruteau, Sabine"]
[Black "Duval, Florence"]
[Result "1-0"]
[WhiteElo "2123"]
[BlackElo "1475"]
[PlyCount "63"]
[EventDate "2010.10.17"]
[EventType "team-match"]
[EventRounds "9"]
[EventCountry "FRA"]
[Source "FFE"]
[SourceDate "2010.10.29"]
[WhiteTeamCountry "FRA"]
[BlackTeamCountry "FRA"]

1. e4 c6 2. d4 d5 3. e5 Bf5 4. Ne2 e6 5. Ng3 Bg6 6. h4 h6 7. h5 Bh7 8. c3 c5 9.
Bd3 Bxd3 10. Qxd3 Qc7 11. O-O Nc6 12. Bd2 cxd4 13. cxd4 Qb6 14. Bc3 Bb4 15. Nd2
Nge7 16. Nf3 Ba5 17. a3 Bxc3 18. bxc3 O-O 19. Nh4 Rac8 20. Rab1 Qc7 21. f4 Na5
22. Rf3 Nc4 23. f5 exf5 24. Ngxf5 Nxf5 25. Nxf5 Nxe5 26. dxe5 Qxe5 27. Re3 Qc7
28. Qd4 f6 29. Re7 Qc5 30. Rxg7+ Kh8 31. Qxc5 Rxc5 32. Rbxb7 1-0

[Event "FRA T I 120102011"]
[Site "FRA"]
[Date "2010.11.13"]
[Round "2.7"]
[White "Auvray, Simon"]
[Black "Zaninetti, Laurent"]
[Result "1-0"]
[WhiteElo "2026"]
[BlackElo "1984"]
[PlyCount "59"]
[EventDate "2010.10.17"]
[EventType "team-match"]
[EventRounds "9"]
[EventCountry "FRA"]
[Source "FFE"]
[SourceDate "2010.10.29"]
[WhiteTeam "St Lo"]
[BlackTeamCountry "FRA"]

1. e4 c6 2. d4 d5 3. Nc3 dxe4 4. Nxe4 Nf6 5. Nxf6+ gxf6 6. c3 Qd5 7. Be3 e5 8.
Qb3 Qxb3 9. axb3 Be6 10. Bc4 Bxc4 11. bxc4 a6 12. Nf3 Nd7 13. O-O h5 14. Nh4
Bd6 15. Nf5 Bc7 16. f4 O-O-O 17. fxe5 fxe5 18. Ne7+ Kb8 19. Rxf7 Nf8 20. Raf1
Re8 21. d5 cxd5 22. cxd5 Bd8 23. Bc5 Bxe7 24. Bxe7 Nd7 25. Bf6 Nxf6 26. R1xf6
e4 27. Rb6 Rhf8 28. Rbxb7+ Kc8 29. Rfc7+ Kd8 30. d6 1-0

[Event "FRA T I 120102011"]
[Site "FRA"]
[Date "2010.11.13"]
[Round "2.4"]
[White "Le Hetet, Nicolas"]
[Black "Beneteau, Hubert"]
[Result "1/2-1/2"]
[WhiteElo "2109"]
[BlackElo "2132"]
[PlyCount "60"]
[EventDate "2010.10.17"]
[EventType "team-match"]
[EventRounds "9"]
[EventCountry "FRA"]
[Source "FFE"]
[SourceDate "2010.10.29"]
[BlackTeamCountry "FRA"]

1. e4 c5 2. Nf3 e6 3. d4 cxd4 4. Nxd4 Nf6 5. Nc3 Nc6 6. Ndb5 d6 7. Bf4 e5 8.
Bg5 a6 9. Na3 b5 10. Nd5 Be7 11. Bxf6 Bxf6 12. c3 Bg5 13. Nc2 Rb8 14. Be2 O-O
15. O-O g6 16. Qd3 f5 17. Bf3 Bb7 18. Rad1 Ne7 19. Nxe7+ Bxe7 20. exf5 Bxf3 21.
Qxf3 Rxf5 22. Qd5+ Kh8 23. Nb4 Rb6 24. Nc6 Qc7 25. Nb4 a5 26. Qa8+ Rb8 27. Nd5
Rxa8 28. Nxc7 Rb8 29. Rd5 b4 30. c4 Rc8 1/2-1/2

[Event "FRA T I 120102011"]
[Site "FRA"]
[Date "2010.11.13"]
[Round "2.3"]
[White "Chabradze, Boris"]
[Black "Le Roy, Brice"]
[Result "0-1"]
[WhiteElo "2237"]
[BlackElo "2310"]
[PlyCount "58"]
[EventDate "2010.10.17"]
[EventType "team-match"]
[EventRounds "9"]
[EventCountry "FRA"]
[Source "FFE"]
[SourceDate "2010.10.29"]
[BlackTeamCountry "FRA"]

1. e4 c5 2. Nf3 Nc6 3. d4 cxd4 4. Nxd4 g6 5. Nc3 Bg7 6. Be3 Nf6 7. Bc4 d6 8. f3
Qb6 9. Nf5 Qxb2 10. Nxg7+ Kf8 11. Bd2 Kxg7 12. Rb1 Qa3 13. Qe2 Qc5 14. Na4 Qh5
15. O-O b5 16. Bxb5 Nd4 17. Qd3 Nxb5 18. Rxb5 Ba6 19. Rxh5 Bxd3 20. Bh6+ Kg8
21. cxd3 Nxh5 22. g4 Ng7 23. Rb1 f6 24. Rb7 Kf7 25. Bxg7 Rhb8 26. Rd7 Rd8 27.
Rb7 Rab8 28. Rc7 Rdc8 29. Rd7 Rc2 0-1

[Event "FRA T I 120102011"]
[Site "FRA"]
[Date "2010.11.13"]
[Round "2.2"]
[White "Kozakov, Mikhail"]
[Black "Delaunay, Sebastien"]
[Result "1-0"]
[WhiteElo "2443"]
[BlackElo "2358"]
[PlyCount "57"]
[EventDate "2010.10.17"]
[EventType "team-match"]
[EventRounds "9"]
[EventCountry "FRA"]
[Source "FFE"]
[SourceDate "2010.10.29"]
[BlackTeam "Nantes"]
[BlackTeamCountry "FRA"]

1. e4 c6 2. d4 d5 3. exd5 cxd5 4. c4 Nf6 5. Nc3 Nc6 6. Bg5 dxc4 7. d5 Ne5 8.
Qd4 h6 9. Bf4 Ng6 10. Bxc4 Nxf4 11. Qxf4 g5 12. Qd2 Bd7 13. Nf3 Bg7 14. O-O Rc8
15. Bb3 O-O 16. Rfe1 a6 17. h4 gxh4 18. Nxh4 Ng4 19. Qf4 Qc7 20. d6 Qxd6 21.
Qxd6 exd6 22. Ng6 Rxc3 23. bxc3 Bxc3 24. Re7 Be6 25. Bxe6 fxe6 26. Rc1 Rc8 27.
Rxe6 Kf7 28. Rxd6 Nxf2 29. Rf1 1-0

[Event "FRA T I 120102011"]
[Site "FRA"]
[Date "2010.11.13"]
[Round "2.6"]
[White "Seret, Jean Luc"]
[Black "Heurtebize, Olivier"]
[Result "1-0"]
[WhiteElo "246"]
[BlackElo "2232"]
[PlyCount "57"]
[EventDate "2010.10.17"]
[EventType "team-match"]
[EventRounds "9"]
[EventCountry "FRA"]
[Source "FFE"]
[SourceDate "2010.10.29"]
[BlackTeamCountry "FRA"]

1. e4 c5 2. Nf3 e6 3. c3 d6 4. d4 Nf6 5. Bd3 Nc6 6. O-O a6 7. dxc5 dxc5 8. Qe2
e5 9. Rd1 Qc7 10. a4 Be6 11. Na3 Na5 12. Bg5 c4 13. Bb1 Nd7 14. Nc2 f6 15. Be3
Nc5 16. Nb4 Ncb3 17. Ra2 Bxb4 18. cxb4 Nc6 19. b5 Nca5 20. b6 Qc6 21. Nd2 Nd4
22. Bxd4 exd4 23. Qh5+ g6 24. Qxa5 c3 25. bxc3 Bxa2 26. Bxa2 Qxc3 27. Qd5 d3
28. Qf7+ Kd8 29. Be6 1-0

[Event "FRA T I 120102011"]
[Site "FRA"]
[Date "2010.11.13"]
[Round "2.5"]
[White "Bleuzen, Cedric"]
[Black "Macon, Arthur"]
[Result "0-1"]
[WhiteElo "2046"]
[BlackElo "1981"]
[PlyCount "54"]
[EventDate "2010.10.17"]
[EventType "team-match"]
[EventRounds "9"]
[EventCountry "FRA"]
[Source "FFE"]
[SourceDate "2010.10.29"]
[BlackTeamCountry "FRA"]

1. c4 Nf6 2. g3 e6 3. Bg2 d5 4. cxd5 exd5 5. d4 c6 6. Nf3 Bd6 7. Nc3 O-O 8. O-O
Re8 9. Ng5 Bf5 10. Qb3 Qb6 11. Qxb6 axb6 12. Bd2 Nbd7 13. Rfc1 h6 14. Nf3 b5
15. e3 Nb6 16. Be1 Ra7 17. a3 Nc4 18. a4 b4 19. Nd1 Na5 20. Nd2 Ne4 21. Bxe4
Bxe4 22. b3 Bg6 23. f3 Be7 24. Bf2 Raa8 25. Kf1 Rac8 26. Ke2 Bf6 27. Kf1 c5 0-1

[Event "FRA T I 120102011"]
[Site "FRA"]
[Date "2010.11.13"]
[Round "2.5"]
[White "Ozenne, Corentin"]
[Black "Marciniak, Alexandre"]
[Result "1/2-1/2"]
[WhiteElo "214"]
[BlackElo "2170"]
[PlyCount "54"]
[EventDate "2010.10.17"]
[EventType "team-match"]
[EventRounds "9"]
[EventCountry "FRA"]
[Source "FFE"]
[SourceDate "2010.10.29"]
[BlackTeamCountry "FRA"]

1. d4 e6 2. c4 Nf6 3. Nf3 Bb4+ 4. Nbd2 b6 5. a3 Bxd2+ 6. Qxd2 Bb7 7. e3 O-O 8.
b4 d6 9. Bb2 Nbd7 10. Qc2 Qe7 11. Be2 a6 12. O-O Rfc8 13. a4 Rab8 14. Rfd1 b5
15. axb5 axb5 16. c5 Be4 17. Qd2 c6 18. Ra7 Ra8 19. Rda1 Qf8 20. Ng5 Bg6 21. f3
Rxa7 22. Rxa7 Ra8 23. Rxa8 Qxa8 24. e4 d5 25. e5 Ne8 26. Bc3 Nc7 27. f4 Nf8
1/2-1/2

[Event "FRA T I 120102011"]
[Site "FRA"]
[Date "2010.10.17"]
[Round "1.4"]
[White "Pujos, Stephane"]
[Black "Geenen, Marc"]
[Result "1/2-1/2"]
[WhiteElo "2324"]
[BlackElo "2300"]
[PlyCount "32"]
[EventDate "2010.10.17"]
[EventType "team-match"]
[EventRounds "9"]
[EventCountry "FRA"]
[Source "FFE"]
[SourceDate "2010.10.29"]
[BlackTeamCountry "FRA"]

1. Nf3 Nf6 2. b3 g6 3. Bb2 Bg7 4. c4 O-O 5. e3 d6 6. Nc3 e5 7. d4 exd4 8. Qxd4
Nc6 9. Qd2 Bf5 10. Rd1 Ne4 11. Nxe4 Bxb2 12. Qxb2 Bxe4 13. Be2 Qe7 14. O-O Ne5
15. Nxe5 dxe5 16. Qc3 Rad8 1/2-1/2

[Event "FRA T I 120102011"]
[Site "FRA"]
[Date "2010.10.17"]
[Round "1.5"]
[White "Bernard, Vincent"]
[Black "Stambul, Adam"]
[Result "1/2-1/2"]
[WhiteElo "2198"]
[BlackElo "2166"]
[PlyCount "24"]
[EventDate "2010.10.17"]
[EventType "team-match"]
[EventRounds "9"]
[EventCountry "FRA"]
[Source "FFE"]
[SourceDate "2010.10.29"]
[WhiteTeam "Bois-Colombes"]
[BlackTeam "Issy-Les-Moulineaux"]
[WhiteTeamCountry "FRA"]
[BlackTeamCountry "FRA"]

1. Nf3 f5 2. g3 Nf6 3. Bg2 d6 4. d4 e6 5. c4 Be7 6. Nc3 O-O 7. O-O Qe8 8. Qd3
Qg6 9. Nh4 Qh5 10. Nf3 Qg6 11. Nh4 Qh5 12. Nf3 Qg6 1/2-1/2

[Event "FRA T I 120102011"]
[Site "FRA"]
[Date "2010.10.17"]
[Round "1.8"]
[White "Bollard, Maxime"]
[Black "Hamon, Fanny"]
[Result "1-0"]
[WhiteElo "1985"]
[BlackElo "1499"]
[PlyCount "21"]
[EventDate "2010.10.17"]
[EventType "team-match"]
[EventRounds "9"]
[EventCountry "FRA"]
[Source "FFE"]
[SourceDate "2010.10.29"]
[WhiteTeamCountry "FRA"]
[BlackTeamCountry "FRA"]

1. e4 e6 2. d4 d5 3. Nc3 g6 4. e5 Na6 5. h4 h5 6. Be2 b5 7. Bxb5+ c6 8. Bxc6+
Bd7 9. Bxa8 Qxa8 10. Nf3 Qc8 11. O-O 1-0

[Event "FRA T I 120102011"]
[Site "FRA"]
[Date "2010.11.13"]
[Round "2.5"]
[White "Mkrtchyan, Armen"]
[Black "Delacroix, Olivier"]
[Result "1-0"]
[WhiteElo "1739"]
[BlackElo "2020"]
[PlyCount "185"]
[EventDate "2010.10.17"]
[EventType "team-match"]
[EventRounds "9"]
[EventCountry "FRA"]
[Source "FFE"]
[SourceDate "2010.10.29"]
[WhiteTeamCountry "FRA"]
[BlackTeamCountry "FRA"]

1. e4 c5 2. Nf3 Nc6 3. Bb5 Nd4 4. Nxd4 cxd4 5. O-O Qb6 6. Be2 d6 7. d3 g6 8.
Nd2 Bg7 9. f4 Nf6 10. Bf3 e5 11. Nc4 Qc7 12. a4 Be6 13. b3 Bxc4 14. bxc4 Nd7
15. Bg4 Nc5 16. f5 f6 17. Bh3 O-O-O 18. fxg6+ Kb8 19. gxh7 Rxh7 20. Bd2 Rh4 21.
Qf3 Rdh8 22. Qg3 Bh6 23. Bxh6 R4xh6 24. Rf5 Ne6 25. Bg4 Rg8 26. h3 Nf4 27. Qf3
Qg7 28. a5 Ne6 29. g3 Rgh8 30. Qg2 Qh7 31. Raf1 Qg7 32. R5f2 Nc5 33. Rf3 Qg5
34. Rf5 Qg7 35. Qf3 Rf8 36. Rh5 Rxh5 37. Bxh5 Qg5 38. Rd1 Na4 39. h4 Qh6 40.
Bg4 Nc3 41. Rf1 Rg8 42. Kh2 Rf8 43. Kh3 Na4 44. Qf5 Nc5 45. Qf2 Kc7 46. Bf5 Kd8
47. Rd1 Na4 48. Qd2 Qxd2 49. Rxd2 Ke7 50. h5 b6 51. a6 Rg8 52. Rd1 Kf7 53. Kh4
Kg7 54. g4 Kh6 55. Bg6 Nc3 56. Rd2 Rf8 57. Rf2 Nd1 58. Rxf6 Rxf6 59. g5+ Kg7
60. gxf6+ Kxf6 61. Be8 Ne3 62. Ba4 Nd1 63. Kg4 Ne3+ 64. Kf3 Kg5 65. c3 Kxh5 66.
cxd4 exd4 67. e5 dxe5 68. Ke4 Kg5 69. Kxe5 Nf5 70. Bd7 Ne7 71. Kd6 Ng6 72. Bc6
Kf6 73. Kc7 Ke7 74. Kb7 Kd8 75. Be4 Ne5 76. Bf5 Nf7 77. Kc6 Ke7 78. Kd5 Nd8 79.
Bc8 Nf7 80. Kxd4 Kd6 81. Bb7 Ne5 82. Ke4 Nd7 83. d4 Nb8 84. Kd3 Nd7 85. Kc3 Nf6
86. Kb4 Nd7 87. Kb5 Kc7 88. Bc6 Nf6 89. c5 bxc5 90. Kxc5 Nd7+ 91. Bxd7 Kxd7 92.
Kd5 Kd8 93. Kd6 1-0

[Event "FRA T I 120102011"]
[Site "FRA"]
[Date "2010.10.17"]
[Round "1.1"]
[White "Boyd, Stephen"]
[Black "Petrossian, Armen"]
[Result "0-1"]
[WhiteElo "2311"]
[BlackElo "2442"]
[PlyCount "174"]
[EventDate "2010.10.17"]
[EventType "team-match"]
[EventRounds "9"]
[EventCountry "FRA"]
[Source "FFE"]
[SourceDate "2010.10.29"]
[WhiteTeamCountry "FRA"]
[BlackTeamCountry "FRA"]

1. c4 e5 2. g3 Nf6 3. Bg2 c6 4. d4 Qa5+ 5. Nc3 Bb4 6. dxe5 Bxc3+ 7. bxc3 Qxc3+
8. Bd2 Qxe5 9. Nf3 Qe7 10. O-O O-O 11. Nd4 d5 12. cxd5 cxd5 13. Rc1 Re8 14. Bf4
Nc6 15. Nb5 Bg4 16. f3 Be6 17. Nc7 Nh5 18. Nxa8 Nxf4 19. gxf4 d4 20. Nc7 Qxc7
21. Qxd4 Nxd4 22. Rxc7 Nxe2+ 23. Kf2 Nxf4 24. Rd1 Bxa2 25. Bf1 Bd5 26. Rxd5
Nxd5 27. Rxb7 Ne3 28. Rxa7 Nxf1 29. Kxf1 g6 30. Kf2 Rb8 31. Kg3 Rb4 32. h4 Kg7
33. Rc7 h6 34. Ra7 Rb1 35. Rc7 Re1 36. Ra7 Kf6 37. Kf4 Rg1 38. Ra6+ Kg7 39. Ra7
g5+ 40. hxg5 Rxg5 41. Rb7 Rg1 42. Rb5 Kg6 43. Rb6+ Kg7 44. Rb5 Rc1 45. Kg4 Kg6
46. Rb6+ f6 47. Rb5 h5+ 48. Kf4 Rc4+ 49. Kg3 h4+ 50. Kh3 f5 51. Rb8 Kg5 52. Rb3
Rc2 53. Rb4 Rc1 54. Ra4 Rg1 55. Kh2 Rg3 56. Ra3 Kf4 57. Ra4+ Kxf3 58. Rxh4 f4
59. Rh8 Rg2+ 60. Kh1 Re2 61. Rh3+ Kf2 62. Ra3 f3 63. Kh2 Kf1+ 64. Kg3 f2 65.
Kf3 Kg1 66. Kxe2 f1=Q+ 67. Kd2 Kf2 68. Rd3 Qa1 69. Kc2 Qa2+ 70. Kc3 Ke2 71. Rd4
Qa1+ 72. Kc4 Ke3 73. Rd5 Ke4 74. Rd6 Qa2+ 75. Kc5 Ke5 76. Rd7 Qc2+ 77. Kb6 Qc4
78. Rc7 Qb4+ 79. Ka7 Kd6 80. Rb7 Qa5+ 81. Kb8 Kc6 82. Rb1 Qe5+ 83. Ka7 Qe7+ 84.
Kb8 Qf8+ 85. Ka7 Qf7+ 86. Kb8 Qg8+ 87. Ka7 Qh7+ 0-1

[Event "FRA T I 120102011"]
[Site "FRA"]
[Date "2010.11.13"]
[Round "2.7"]
[White "Bricard, Herve"]
[Black "Ratsiambahotra, Tahiry"]
[Result "1-0"]
[WhiteElo "2055"]
[BlackElo "1956"]
[PlyCount "161"]
[EventDate "2010.10.17"]
[EventType "team-match"]
[EventRounds "9"]
[EventCountry "FRA"]
[Source "FFE"]
[SourceDate "2010.10.29"]
[WhiteTeamCountry "FRA"]
[BlackTeamCountry "FRA"]

1. e4 c5 2. Nf3 Nc6 3. Bb5 Qc7 4. c3 a6 5. Ba4 Nf6 6. d3 b5 7. Bc2 Bb7 8. Nbd2
e6 9. O-O Be7 10. Re1 d6 11. Qe2 O-O 12. Nf1 Rfe8 13. Bf4 e5 14. Bg3 Nh5 15.
Ne3 Qd8 16. Nd5 Bc8 17. Nd2 Nxg3 18. fxg3 Be6 19. Rf1 Ra7 20. h3 Bf8 21. Ne3 g6
22. Bb3 Bg7 23. Bd5 Ne7 24. Bxe6 fxe6 25. Ng4 Nc6 26. Qe3 Rf8 27. Nh6+ Bxh6 28.
Qxh6 Raf7 29. Rxf7 Rxf7 30. Nf3 Qf8 31. Qe3 h6 32. a3 Kg7 33. b4 Qe7 34. h4 Qa7
35. bxc5 Qxc5 36. d4 exd4 37. cxd4 Qb6 38. Kh2 Na5 39. Qd3 Nc4 40. a4 Qa5 41.
g4 Nb2 42. Qb3 Nxa4 43. Qxe6 Qc7 44. g5 Qe7 45. gxh6+ Kxh6 46. Qg4 Qf6 47. Kg3
Nc3 48. Rxa6 Ne2+ 49. Kh3 Nf4+ 50. Kh2 Nd3 51. e5 Qf4+ 52. Qxf4+ Nxf4 53. Rxd6
Rb7 54. Nd2 Kg7 55. Nb3 Ra7 56. Rb6 Ra2 57. Kg3 Nxg2 58. Rb7+ Kf8 59. Rxb5 Ne3
60. Kf4 Nf5 61. Kg5 Kf7 62. h5 Rg2+ 63. Kf4 Rf2+ 64. Kg4 Rg2+ 65. Kf4 Rf2+ 66.
Ke4 Re2+ 67. Kf3 Rb2 68. hxg6+ Kxg6 69. Rb6+ Kg7 70. Ke4 Ne7 71. Rb7 Kf8 72.
Nc5 Re2+ 73. Kd3 Re1 74. e6 Nd5 75. Kc4 Ne3+ 76. Kd3 Nd5 77. Kd2 Rg1 78. Rf7+
Ke8 79. Ne4 Rg4 80. Nd6+ Kd8 81. Rd7# 1-0

[Event "FRA T I 120102011"]
[Site "FRA"]
[Date "2010.11.14"]
[Round "3.6"]
[White "Bedue, Julien"]
[Black "San Marco, Bruno"]
[Result "0-1"]
[WhiteElo "288"]
[BlackElo "2217"]
[PlyCount "157"]
[EventDate "2010.10.17"]
[EventType "team-match"]
[EventRounds "9"]
[EventCountry "FRA"]
[Source "FFE"]
[SourceDate "2010.10.29"]
[WhiteTeamCountry "FRA"]
[BlackTeamCountry "FRA"]

1. d4 Nf6 2. Bg5 Ne4 3. Bf4 d5 4. f3 Nf6 5. e4 e6 6. Nc3 Bb4 7. Bd3 c5 8. dxc5
Nc6 9. Bd6 Qa5 10. e5 Nd7 11. Kf1 Bxc3 12. bxc3 Ncxe5 13. Rb1 Nxd3 14. cxd3
Nxc5 15. c4 dxc4 16. dxc4 Nd7 17. Ne2 f6 18. Nd4 Kf7 19. Qe2 Nb6 20. Rb5 Qa4
21. Rc5 Re8 22. Kf2 Bd7 23. Qe4 Qxa2+ 24. Kg3 Kg8 25. Rh5 f5 26. Qh4 e5 27.
Nxf5 Bxf5 28. Rxf5 Qxc4 29. Qh5 Qe6 30. Bxe5 Nc4 31. Bf4 g6 32. Rg5 Nd6 33.
Bxd6 Qxd6+ 34. Kh3 Qe6+ 35. Kg3 Rad8 36. Rb1 Re7 37. Qh4 Qd6+ 38. Kh3 Qe6+ 39.
Kg3 Qd6+ 40. Kh3 Qd7+ 41. Kg3 Qd3 42. Rgb5 Qd6+ 43. Kh3 Qe6+ 44. Kg3 Rdd7 45.
Qb4 b6 46. Qc3 Rc7 47. Qd2 Red7 48. Qg5 Rc2 49. R1b2 Rxb2 50. Rxb2 Qd5 51. Qc1
Qd6+ 52. Kh3 Rc7 53. Qd2 Qe6+ 54. Kg3 Rd7 55. Qc3 Rd5 56. Kf2 Rc5 57. Qd2 Qd5
58. Qf4 Qe5 59. Qd2 Rd5 60. Qb4 Qd4+ 61. Qxd4 Rxd4 62. Rc2 Rd7 63. Rc8+ Kf7 64.
Rb8 Ke6 65. Ke3 Kd6 66. Rg8 Kc6 67. f4 a5 68. g4 Kb5 69. f5 a4 70. f6 Rf7 71.
Rh8 Kb4 72. Kd2 Kb3 73. Kc1 a3 74. Rg8 Rc7+ 75. Kd2 a2 76. Rb8 Rc6 77. f7 a1=Q
78. f8=Q Qd4+ 79. Ke2 0-1

[Event "FRA T I 120102011"]
[Site "FRA"]
[Date "2010.10.17"]
[Round "1.3"]
[White "Desnos, Alexandre"]
[Black "Remille, Tristan"]
[Result "0-1"]
[WhiteElo "2114"]
[BlackElo "2215"]
[PlyCount "142"]
[EventDate "2010.10.17"]
[EventType "team-match"]
[EventRounds "9"]
[EventCountry "FRA"]
[Source "FFE"]
[SourceDate "2010.10.29"]
[WhiteTeamCountry "FRA"]
[BlackTeamCountry "FRA"]

1. d4 d5 2. Nf3 Nf6 3. e3 c5 4. dxc5 Qa5+ 5. Nbd2 e6 6. c3 Qxc5 7. Bd3 Nbd7 8.
O-O Be7 9. e4 dxe4 10. Nxe4 Nxe4 11. Bxe4 Nf6 12. Bd3 O-O 13. Be3 Qh5 14. Nd4
Qxd1 15. Raxd1 Bd7 16. Nb3 Rfd8 17. Bg5 b6 18. Nd4 Ba4 19. b3 Be8 20. Ba6 h6
21. Bc1 Nd5 22. Bb2 Rab8 23. Be2 Bf6 24. Bf3 b5 25. Ne2 Bc6 26. Rd2 Ne7 27.
Rfd1 Rxd2 28. Rxd2 Bxf3 29. gxf3 Ng6 30. Rd7 Rd8 31. Rxd8+ Bxd8 32. f4 Bc7 33.
Bc1 Kf8 34. Be3 a6 35. Kg2 Ke8 36. Kf3 Ne7 37. Ng3 g6 38. Bd4 Nd5 39. Ne2 Bb6
40. Bxb6 Nxb6 41. Ke4 Ke7 42. Kd4 Kd6 43. c4 bxc4 44. bxc4 Nd7 45. h3 g5 46.
fxg5 hxg5 47. Nc1 f5 48. Nb3 e5+ 49. Kc3 Nb8 50. Na5 Nd7 51. Nb7+ Kc7 52. Na5
Nc5 53. f3 Ne6 54. Nb3 Kc6 55. Na5+ Kb6 56. Kb4 Nd4 57. c5+ Kc7 58. Kc4 Nxf3
59. Kd5 e4 60. Nc4 Nh4 61. c6 Ng2 62. Nd6 Nf4+ 63. Kc5 e3 64. Ne8+ Kc8 65. Nd6+
Kb8 66. Ne8 Ne6+ 67. Kd6 e2 68. Kxe6 e1=Q+ 69. Kd7 Qxe8+ 70. Kxe8 Kc8 71. Kf7
f4 0-1